000 00882nam a2200253Ia 4500
003 OSt
005 20220930093348.0
006 a|||||r|||| 00| 0
007 ta
008 220926b |||||||| |||| 00| 0 eng d
024 _a36194
037 _cTheses
040 _aCRL
_cCRL
_beng
041 _2eng
_aeng
100 _aKapur Radhika Au.
_9551782
110 _aUniversity of Delhi. Faulty of Social Sciences. Department of Adult Continuing Education and Extension
_9551783
245 0 _aPedagogy and organizational culture in nursery schools in Delhi
260 _c2016
300 _axv,238p.
_ap.
_ccm.
700 _a Prof. J. P. Dubey Gu.
_9551784
700 _aUniversity of Delhi. Faulty of Social Sciences. Department of Adult Continuing Education and Extension
_9551785
942 _cDIS
_2CC
999 _c885284
_d885284